Défaites majeures du PSG en LDC - Statistiques

Statistiques générales
  • Ce quiz a été pris 38 fois
  • Le résultat moyen est 25 sur 107
Statistiques - réponses
match score/buteur % Correct
FC Barcelona – PSG – 1/8e finale retourBarcelone (08/03/2017) 6-1
88%
PSG vs Bayern Munich – 1/8e finaleAller – Paris (14/02/2023) | PSG vs Bayern Munich – FinaleLisbonne (23/08/2020) | PSG – Borussia Dortmund (07/05/2024) 0-1
79%
Borussia Dortmund – PSG (01/05/2024) | Bayern Munich – PSG (26/11/2024) | PSG vs Manchester City – 1/4 finale Retour – Manchester (12/04/2016) | Real Madrid – PSG – Phase de groupesMadrid (03/11/2015) 1-0
79%
Arsenal – PSG (01/10/2024) | Chelsea – PSG – 1/8e finale retourLondres (08/04/2014) | PSG vs Bayern Munich – 1/8e finaleRetour – Munich (08/03/2023) | +2 others 2-0
79%
Borussia Dortmund – PSG – 1/8e finale allerDortmund (18/02/2020) 2-1
76%
PSG vs Chelsea – Finale 3-0
76%
PSG vs Manchester City – Demi-finaleAller – Paris (28/04/2021) | PSG vs Real Madrid – 1/8e finaleRetour – Paris (06/03/2018) | PSG – Atlético Madrid (06/11/2024) 1-2
73%
PSG vs FC Barcelona – 1/4 finaleAller – Paris (15/04/2015) | PSG vs Manchester United – 1/8e finale retourParis (06/03/2019) 1-3
70%
Bayern Munich – PSG – Phase de groupesMunich (05/12/2017) | PSG vs Real Madrid – 1/8e finaleAller – Madrid (14/02/2018) | Real Madrid – PSG – 1/8e finale retourMadrid (09/03/2022) | phase de groupesBarcelone – PSG (10/12/2014) 3-1
67%
Liverpool – PSG – Phase de groupesLiverpool (18/09/2018) 3-2
64%
Newcastle United – PSG – Phase de groupesNewcastle (04/10/2023) 4-1
64%
PSG vs FC Barcelona – 1/8e finaleRetour – Barcelone (10/04/2013) 1-1
52%
PSG vs FC Barcelona – 1/8e finaleParis (02/04/2013) 2-2
48%
Real Madrid – PSG – 1/8e finale retour Madrid (09/03/2022) Benzema
9%
FC Barcelona – PSG – 1/8e finale retour Barcelone (08/03/2017) | PSG vs Real Madrid – 1/8e finale Retour – Paris (06/03/2018) Cavani
9%
PSG vs Bayern Munich – 1/8e finale Aller – Paris (14/02/2023) | PSG vs Bayern Munich – Finale Lisbonne (23/08/2020) Coman
9%
PSG vs FC Barcelona – 1/8e finale Paris (02/04/2013) ibrahimovic
9%
phase de groupes Barcelone – PSG (10/12/2014) Ibrahimovic
9%
Bayern Munich – PSG (26/11/2024) Kim
9%
PSG vs FC Barcelona – 1/8e finale Paris (02/04/2013) messi
9%
FC Barcelona – PSG – 1/8e finale retour Barcelone (08/03/2017) | phase de groupes Barcelone – PSG (10/12/2014) Messi
9%
Borussia Dortmund – PSG – 1/8e finale aller Dortmund (18/02/2020) | FC Barcelona – PSG – 1/8e finale retour Barcelone (08/03/2017) | PSG vs FC Barcelona – 1/4 finale Aller – Paris (15/04/2015) | +2 others Neymar
9%
PSG vs Chelsea – Finale Palmer
9%
PSG vs FC Barcelona – 1/8e finale Retour – Barcelone (10/04/2013) pedro
9%
PSG vs Chelsea – Finale Pedro Neto
9%
PSG vs Real Madrid – 1/8e finale Aller – Madrid (14/02/2018) Rabiot
9%
PSG – Atlético Madrid (06/11/2024) Correa
6%
PSG vs Real Madrid – 1/8e finale Aller – Madrid (14/02/2018) | PSG vs Real Madrid – 1/8e finale Retour – Paris (06/03/2018) Cristiano Ronaldo
6%
Chelsea – PSG – 1/8e finale retour Londres (08/04/2014) Demba Ba
6%
Liverpool – PSG – Phase de groupes Liverpool (18/09/2018) Firmino
6%
PSG vs Bayern Munich – 1/8e finale Retour – Munich (08/03/2023) Gnabry
6%
Borussia Dortmund – PSG – 1/8e finale aller Dortmund (18/02/2020) Haaland
6%
PSG – Borussia Dortmund (07/05/2024 Hummels
6%
Bayern Munich – PSG – Phase de groupes Munich (05/12/2017) Lewandowski
6%
PSG vs Manchester United – 1/8e finale retour Paris (06/03/2019) Lukaku
6%
PSG vs Manchester City – Demi-finale Aller – Paris (28/04/2021) | PSG vs Manchester City – Demi-finale Retour – Manchester (04/05/2021) Mahrez
6%
PSG vs FC Barcelona – 1/8e finale Paris (02/04/2013) matuidi
6%
PSG vs FC Barcelona – 1/8e finale Retour – Barcelone (10/04/2013) pastore
6%
PSG vs Manchester United – 1/8e finale retour Paris (06/03/2019) Rashford
6%
Arsenal – PSG (01/10/2024) Saka
6%
FC Barcelona – PSG – 1/8e finale retour Barcelone (08/03/2017) Sergi Roberto
6%
FC Barcelona – PSG – 1/8e finale retour Barcelone (08/03/2017) | PSG vs FC Barcelona – 1/4 finale Aller – Paris (15/04/2015) | phase de groupes Barcelone – PSG (10/12/2014) Suarez
6%
PSG vs FC Barcelona – 1/8e finale Paris (02/04/2013) xavi
6%
PSG – Atlético Madrid (06/11/2024) Zaïre-Emery
6%
Newcastle United – PSG – Phase de groupes Newcastle (04/10/2023) Almiron
3%
PSG vs Manchester United – 1/8e finale retour Paris (06/03/2019) Bernat
3%
Newcastle United – PSG – Phase de groupes Newcastle (04/10/2023) Burn
3%
PSG vs Real Madrid – 1/8e finale Retour – Paris (06/03/2018) Casemiro
3%
PSG vs Bayern Munich – 1/8e finale Retour – Munich (08/03/2023) Choupo-Moting
3%
PSG vs Manchester City – 1/4 finale Retour – Manchester (12/04/2016) | PSG vs Manchester City – Demi-finale Aller – Paris (28/04/2021) De Bruyne
3%
Newcastle United – PSG – Phase de groupes Newcastle (04/10/2023) Hernandez
3%
FC Barcelona – PSG – 1/8e finale retour Barcelone (08/03/2017) Kurzawa (csc)
3%
PSG vs Real Madrid – 1/8e finale Aller – Madrid (14/02/2018) Marcelo
3%
PSG vs Manchester City – Demi-finale Aller – Paris (28/04/2021) Marquinhos
3%
Bayern Munich – PSG – Phase de groupes Munich (05/12/2017) | Liverpool – PSG – Phase de groupes Liverpool (18/09/2018) | Real Madrid – PSG – 1/8e finale retour Madrid (09/03/2022) Mbappe
3%
Liverpool – PSG – Phase de groupes Liverpool (18/09/2018) Milner
3%
Newcastle United – PSG – Phase de groupes Newcastle (04/10/2023) Schar
3%
Chelsea – PSG – 1/8e finale retour Londres (08/04/2014) Schürrle
3%
Borussia Dortmund – PSG (01/05/2024) Fullkrug
0%
Arsenal – PSG (01/10/2024) Havertz
0%
Newcastle United – PSG – Phase de groupes Newcastle (04/10/2023) Longstaff
0%
PSG vs FC Barcelona – 1/4 finale Aller – Paris (15/04/2015) Mathieu (csc)
0%
Liverpool – PSG – Phase de groupes Liverpool (18/09/2018) Meunier
0%
PSG – Atlético Madrid (06/11/2024) Molina
0%
Real Madrid – PSG – Phase de groupes Madrid (03/11/2015) Nacho
0%
Liverpool – PSG – Phase de groupes Liverpool (18/09/2018) Sturridge
0%
Bayern Munich – PSG – Phase de groupes Munich (05/12/2017) Tolisso
0%
Aucun quiz correspondant
Distribution des résultats
% des personnes avec chaque résultat
Percentile par nombre de réponses
Votre historique - résultats
Vous n’avez pas pris ce quiz